[Event "ENG-ch Chessable"]
[Site "Kenilworth"]
[Date "2023.05.28"]
[Round "5"]
[White "Badacsonyi, Frankie"]
[Black "Ireland, David J"]
[Result "1-0"]
[WhiteElo "1974"]
[BlackElo "1911"]
[PlyCount "77"]
[EventDate "2023.05.26"]
[EventType "swiss"]
[EventRounds "7"]
[EventCountry "ENG"]
[SourceTitle "CBM 214 Extra"]
[Source "ChessBase"]
[SourceDate "2023.07.31"]
[SourceVersion "1"]
[SourceVersionDate "2023.07.31"]
[SourceQuality "1"]

1. d4 Nf6 2. Nf3 c5 3. d5 b5 4. Bg5 Qb6 5. Bxf6 Qxf6 6. c3 d6 7. e3 a6 8. Nbd2 Bf5 9. a4 b4 10. cxb4 cxb4 11. e4 Bg4 12. Qc2 g6 13. Qc7 Nd7 14. Rc1 e5 15. Bxa6 Bh6 16. Bb7 Rd8 17. Rc4 0-0 18. 0-0 Nc5 19. h3 Rd7 20. Qc6 Bxf3 21. Nxf3 Qe7 22. Ba6 Rb8 23. Bb5 Rc7 24. Rxc5 dxc5 25. d6 Rxc6 26. dxe7 Re6 27. e8Q+ Rexe8 28. Bxe8 Rxe8 29. b3 Rd8 30. Nxe5 Bg7 31. Nc4 Kf8 32. Rc1 Ra8 33. Nb6 Ra5 34. Rxc5 Rxc5 35. Nd7+ Ke7 36. Nxc5 Kd6 37. Nd3 Bc3 38. Kf1 f5 39. f3 1-0

[Event "Hastings Weekend op"]
[Site "Hastings"]
[Date "2023.01.07"]
[Round "1"]
[White "Badacsonyi, Frankie"]
[Black "Korneev, Oleg"]
[Result "0-1"]
[WhiteElo "1969"]
[BlackElo "2481"]
[PlyCount "100"]
[EventDate "2023.01.07"]
[EventType "swiss"]
[EventRounds "5"]
[EventCountry "ENG"]
[SourceTitle "CBM 212 Extra"]
[Source "ChessBase"]
[SourceDate "2023.03.31"]
[SourceVersion "1"]
[SourceVersionDate "2023.03.31"]
[SourceQuality "1"]

1. Nf3 d5 2. b3 Bf5 3. Bb2 e6 4. e3 Nf6 5. Be2 h6 6. c4 c6 7. 0-0 Nbd7 8. d4 a5 9. Nc3 Bd6 10. Bd3 Ne4 11. Bxe4 dxe4 12. Nd2 Nf6 13. f3 exf3 14. Qxf3 Bd3 15. Rf2 Bg6 16. h3 0-0 17. Rd1 Qe7 18. Nde4 Nxe4 19. Nxe4 Bc7 20. a3 Qh4 21. Nc5 Bg3 22. Rfd2 Bh5 23. Qe4 Bxd1 24. Qxh4 Bxh4 25. Rxd1 Be7 26. Nd3 Rad8 27. c5 b6 28. Rc1 bxc5 29. Nxc5 Rb8 30. Nd7 Rxb3 31. Nxf8 Bxf8 32. Rc2 Rxe3 33. Rxc6 Bxa3 34. Bc3 Bb4 35. Bxb4 axb4 36. Rb6 b3 37. Rb7 Rd3 38. Kf2 Rd2+ 39. Kf3 b2 40. g4 g5 41. Kg3 Kf8 42. Kf3 Kg7 43. Kg3 Kg6 44. Rb6 h5 45. gxh5+ Kxh5 46. Rb8 f5 47. Rh8+ Kg6 48. Rb8 f4+ 49. Kf3 Rh2 50. Ke4 Rxh3 0-1

[Event "London Mindsports Rapid"]
[Site "London"]
[Date "2022.09.11"]
[Round "8.8"]
[White "Badacsonyi, Frankie"]
[Black "Finn, Peter"]
[Result "1-0"]
[WhiteElo "1789"]
[BlackElo "1978"]
[PlyCount "81"]
[EventDate "2022.09.11"]
[EventType "swiss (rapid)"]
[EventRounds "9"]
[EventCountry "ENG"]
[SourceTitle "CBM 210 Extra"]
[Source "ChessBase"]
[SourceDate "2022.11.30"]
[SourceVersion "1"]
[SourceVersionDate "2022.11.30"]
[SourceQuality "1"]

1. Nf3 d5 2. b3 Nf6 3. Bb2 Bf5 4. g3 h6 5. Bg2 e6 6. d3 Nbd7 7. Nbd2 Be7 8. 0-0 0-0 9. Re1 Bh7 10. e4 c5 11. Qe2 d4 12. a4 Nb8 13. Ne5 Qc7 14. f4 Nc6 15. Nxc6 Qxc6 16. Rf1 b6 17. g4 e5 18. f5 Nd7 19. Nf3 Bg5 20. Bc1 Bxc1 21. Raxc1 f6 22. h4 Kf7 23. g5 Ke7 24. gxh6 gxh6 25. Qd2 Rf7 26. Qxh6 Rg8 27. Kf2 Rfg7 28. Rg1 Kd8 29. Bh3 Rxg1 30. Rxg1 Rxg1 31. Kxg1 Bg8 32. Qg7 b5 33. Qxg8+ Kc7 34. Qe6 Qb7 35. a5 c4 36. h5 cxb3 37. cxb3 Qb8 38. Qf7 Qh8 39. Nxe5 fxe5 40. f6 Qd8 41. Qxd7+ 1-0

[Event "London Mindsports Rapid"]
[Site "London"]
[Date "2022.09.11"]
[Round "5.3"]
[White "Haydon, David Leslie"]
[Black "Badacsonyi, Frankie"]
[Result "1-0"]
[WhiteElo "2317"]
[BlackElo "1789"]
[PlyCount "69"]
[EventDate "2022.09.11"]
[EventType "swiss (rapid)"]
[EventRounds "9"]
[EventCountry "ENG"]
[SourceTitle "CBM 210 Extra"]
[Source "ChessBase"]
[SourceDate "2022.11.30"]
[SourceVersion "1"]
[SourceVersionDate "2022.11.30"]
[SourceQuality "1"]

1. Nf3 Nf6 2. b3 b6 3. Bb2 Bb7 4. e3 e6 5. Be2 c5 6. c4 Be7 7. Nc3 0-0 8. 0-0 d5 9. d4 Nbd7 10. dxc5 Nxc5 11. Qc2 Rc8 12. Rad1 Qc7 13. Nb5 Qb8 14. Be5 Qa8 15. Nc7 Rxc7 16. Bxc7 dxc4 17. bxc4 Be4 18. Qc1 Rc8 19. Bd6 Bd8 20. Qa3 Ne8 21. Bg3 Bf6 22. Ne1 h5 23. Bxh5 g6 24. Be2 Kg7 25. f3 Bc6 26. e4 Nc7 27. Nd3 Be7 28. Qc3+ f6 29. Nxc5 Bxc5+ 30. Bf2 Be7 31. c5 Ba4 32. Rc1 bxc5 33. Qa5 Qc6 34. Bxc5 Bxc5+ 35. Rxc5 1-0